Boolean Functions for Cryptography and Coding Theory /

Salvato in:
Dettagli Bibliografici
Autore principale: Carlet, Claude (Autore)
Natura: Libro
Lingua:inglese
Pubblicazione: Cambridge : Cambridge University Press, 2020
Edizione:1. vydanie
Tags: Aggiungi Tag
Nessun Tag, puoi essere il primo ad aggiungerne!!

MARC

LEADER 00000nam a22000003a 4500
001 0111033
003 SK-STU
005 20240902131353.4
007 ta
008 240902s ----xo-----e------000-0-----d
020 |a 978-1-108-47380-4 
040 |a STU  |b slo 
041 0 |a eng 
044 |a xxk 
100 1 |a Carlet, Claude  |4 aut  |r Z6 
245 1 0 |a Boolean Functions for Cryptography and Coding Theory /  |c aut. Claude Carlet 
250 |a 1. vydanie 
260 |a Cambridge :  |b Cambridge University Press,  |c 2020 
300 |a 562 s. 
996 |b 284EK90798  |c E* 90798  |l EE35  |s P  |a 0  |w 0111033_0001